UBT Library

UNDERSTANDING STATISTICS (Record no. 35782)

000 -LEADER
fixed length control field 00299nam a22001337a 4500
008 - FIXED-LENGTH DATA ELEMENTS--GENERAL INFORMATION
fixed length control field 171024b xxu||||| |||| 00| 0 eng d
020 ## - INTERNATIONAL STANDARD BOOK NUMBER
International Standard Book Number 2900618896966
041 ## - LANGUAGE CODE
Language code of text/sound track or separate title eng
080 ## - UNIVERSAL DECIMAL CLASSIFICATION NUMBER
Edition identifier 8 ED
Universal Decimal Classification number 311
100 ## - Rafti
Rafti 55
101 ## - Shkurtesa
Shkurtesa STA
245 ## - TITLE STATEMENT
Title UNDERSTANDING STATISTICS
Statement of responsibility, etc BRASE.B
942 ## - ADDED ENTRY ELEMENTS (KOHA)
Source of classification or shelving scheme
Item type Books

No items available.

UBT Library © 2015-2024. All rights reserved University Education for Business and Technology